[Event "Tula Region Sports School-ch"]
[Site "Tula"]
[Date "2008.10.10"]
[Round "?"]
[White "Tkachev, Grigory"]
[Black "Kostryukov, Oleg"]
[Result "1-0"]
[WhiteElo "2162"]
[BlackElo "1842"]
[PlyCount "73"]
[EventDate "2008.10.10"]
[EventType "tourn"]
[EventRounds "9"]
[EventCountry "RUS"]
[SourceTitle "EXT 2022"]
[Source "ChessBase"]
[SourceDate "2021.10.06"]
[SourceVersion "1"]
[SourceVersionDate "2021.10.06"]
[SourceQuality "1"]

1. Nf3 d5 2. g3 Nd7 3. d4 e6 4. Bg2 Ngf6 5. 0-0 a6 6. c4 dxc4 7. a4 Be7 8. Nbd2 Nb6 9. a5 Nbd5 10. Nxc4 b5 11. axb6 cxb6 12. Nfe5 Bb7 13. Bd2 0-0 14. Re1 a5 15. Qb3 Ra7 16. Nd3 Nd7 17. e4 N5f6 18. Bg5 Ba6 19. Bf4 a4 20. Qa2 b5 21. Nce5 Bb7 22. Rad1 Qa8 23. Nxd7 Nxd7 24. d5 exd5 25. exd5 Qd8 26. Be3 Nb6 27. Ne5 Bd6 28. Bxb6 Qxb6 29. Nd7 Qa5 30. Nxf8 Kxf8 31. Qb1 Kg8 32. Re8+ Bf8 33. d6 Bxg2 34. Kxg2 Rd7 35. Qe4 g6 36. Qe5 Qb6 37. Rxf8+ 1-0

[Event "Tula Region-ch op"]
[Site "Tula"]
[Date "2008.08.05"]
[Round "5"]
[White "Kostryukov, Oleg"]
[Black "Abashkin, Anton"]
[Result "1-0"]
[WhiteElo "1761"]
[BlackElo "2270"]
[PlyCount "106"]
[EventDate "2008.08.01"]
[EventType "swiss"]
[EventRounds "9"]
[EventCountry "RUS"]
[SourceTitle "EXT 2022"]
[Source "ChessBase"]
[SourceDate "2021.10.06"]
[SourceVersion "1"]
[SourceVersionDate "2021.10.06"]
[SourceQuality "1"]

1. d4 Nf6 2. c4 e6 3. Nf3 b6 4. a3 Bb7 5. Nc3 Be7 6. d5 0-0 7. g3 d6 8. Bg2 c6 9. 0-0 exd5 10. cxd5 c5 11. Nd2 a5 12. Nc4 Ba6 13. Qb3 Nbd7 14. Nb5 Ne8 15. a4 f5 16. e4 fxe4 17. Bxe4 Ndf6 18. Bg2 Rb8 19. Na7 Bb7 20. Ne3 Kh8 21. Re1 Nc7 22. Nb5 Bc8 23. Na7 Bd7 24. Nf5 Rf7 25. Nc6 Bxc6 26. dxc6 Qf8 27. Bf4 Nfe8 28. Nxe7 Rxe7 29. Rxe7 Qxe7 30. Bd2 Nf6 31. Re1 Qf8 32. Bf4 b5 33. axb5 Rxb5 34. Qd3 Nfe8 35. b3 Rb4 36. Bd2 Rd4 37. Qe3 a4 38. Bc3 Rg4 39. h3 Rg6 40. bxa4 d5 41. Bxd5 h6 42. Bg2 Nf6 43. Qe7 Qxe7 44. Rxe7 Ncd5 45. Re6 Nc7 46. Re1 Nfd5 47. Be5 Rg5 48. Bxd5 Nxd5 49. c7 Nb6 50. Bf4 Rd5 51. Re8+ Kh7 52. Rb8 c4 53. Rxb6 Rc5 1-0

[Event "Tula Region-ch op"]
[Site "Tula"]
[Date "2008.08.04"]
[Round "4"]
[White "Kostryukov, Oleg"]
[Black "Tuzinskiy, Denis Vasilievich"]
[Result "1-0"]
[WhiteElo "1761"]
[BlackElo "2219"]
[PlyCount "105"]
[EventDate "2008.08.01"]
[EventType "swiss"]
[EventRounds "9"]
[EventCountry "RUS"]
[SourceTitle "EXT 2022"]
[Source "ChessBase"]
[SourceDate "2021.10.06"]
[SourceVersion "1"]
[SourceVersionDate "2021.10.06"]
[SourceQuality "1"]

1. d4 g6 2. c4 Bg7 3. Nc3 Nf6 4. e4 d6 5. f3 0-0 6. Be3 e5 7. Nge2 Nc6 8. Qd2 exd4 9. Nxd4 Be6 10. Be2 Nd7 11. 0-0 Nxd4 12. Bxd4 Ne5 13. b3 f5 14. f4 c5 15. Be3 Nc6 16. exf5 Bxf5 17. Rad1 Re8 18. Nd5 Bd4 19. Bd3 Bxd3 20. Qxd3 Nb4 21. Qd2 Rxe3 22. Nxe3 Qe7 23. Rde1 Re8 24. Rf3 Qe4 25. Kh1 Nd3 26. Rd1 Nxf4 27. Nd5 Nxd5 28. cxd5 Qxd5 29. Rdf1 Qe6 30. Qa5 a6 31. Qc7 Qe7 32. Rf7 Qxc7 33. Rxc7 b5 34. Rc6 Be5 35. Rxa6 Re7 36. a4 bxa4 37. Rxa4 Rb7 38. Rf3 Kg7 39. g3 Bd4 40. Kg2 h5 41. h3 Re7 42. Kf1 g5 43. Ra8 Be5 44. g4 h4 45. Rff8 Bf4 46. Rg8+ Kf6 47. Rgf8+ Ke5 48. Ra4 Rb7 49. Rf5+ Ke6 50. Re4+ Kd7 51. Rf7+ Kc6 52. Rxb7 Kxb7 53. Rxf4 1-0

[Event "Rybinsk Yaroslavia op"]
[Site "Rybinsk"]
[Date "2008.06.17"]
[Round "5.10"]
[White "Kazennova, Daria"]
[Black "Kostryukov, Oleg"]
[Result "1/2-1/2"]
[WhiteElo "1976"]
[BlackElo "1761"]
[PlyCount "131"]
[EventDate "2008.06.15"]
[EventType "swiss"]
[EventRounds "9"]
[EventCountry "RUS"]
[SourceTitle "EXT 2022"]
[Source "ChessBase"]
[SourceDate "2021.10.06"]
[SourceVersion "1"]
[SourceVersionDate "2021.10.06"]
[SourceQuality "1"]

1. e4 c5 2. Nf3 Nc6 3. d4 cxd4 4. Nxd4 Nf6 5. Nc3 e5 6. Ndb5 d6 7. Bg5 a6 8. Na3 b5 9. Nd5 Be7 10. Bxf6 Bxf6 11. Nxf6+ Qxf6 12. Bd3 0-0 13. 0-0 Be6 14. c3 Rfd8 15. Nc2 Ne7 16. a4 d5 17. Qb1 Ng6 18. exd5 Bxd5 19. Ne3 Bc6 20. Be4 bxa4 21. Bxc6 Qxc6 22. Qc2 Rdb8 23. Rxa4 Rxb2 24. Rxa6 Qxa6 25. Qxb2 Qe6 26. Rd1 h6 27. h3 Nf4 28. c4 Rc8 29. Qb7 Ne2+ 30. Kh1 Nd4 31. Ra1 Qc6 32. Qxc6 Rxc6 33. Ra8+ Kh7 34. Rd8 f5 35. g3 g5 36. Rd7+ Kg6 37. Kg2 h5 38. f4 gxf4 39. gxf4 exf4 40. Rxd4 fxe3 41. Kf3 Re6 42. Ke2 Kf6 43. h4 Re5 44. Rd6+ Kg7 45. Rd7+ Kf6 46. Rd6+ Ke7 47. Rd4 Ke6 48. c5 Rxc5 49. Kxe3 Ke5 50. Ra4 Rc3+ 51. Kf2 Rd3 52. Ra8 Rd4 53. Kg3 Rd3+ 54. Kg2 Rd4 55. Kg3 f4+ 56. Kf2 Kf5 57. Rg8 Rd5 58. Kf3 Rd3+ 59. Kf2 Rh3 60. Rg5+ Ke4 61. Rxh5 Rh2+ 62. Kg1 Rb2 63. Rh8 Kf3 64. Ra8 Rb1+ 65. Kh2 Rb2+ 66. Kg1 1/2-1/2

[Event "Rybinsk Yaroslavia op"]
[Site "Rybinsk"]
[Date "2008.06.16"]
[Round "3.16"]
[White "Bochkov, Artem"]
[Black "Kostryukov, Oleg"]
[Result "1/2-1/2"]
[WhiteElo "2002"]
[BlackElo "1761"]
[PlyCount "90"]
[EventDate "2008.06.15"]
[EventType "swiss"]
[EventRounds "9"]
[EventCountry "RUS"]
[SourceTitle "EXT 2022"]
[Source "ChessBase"]
[SourceDate "2021.10.06"]
[SourceVersion "1"]
[SourceVersionDate "2021.10.06"]
[SourceQuality "1"]

1. e4 c5 2. Nf3 Nc6 3. d4 cxd4 4. Nxd4 Nf6 5. Nc3 e5 6. Ndb5 d6 7. Bg5 a6 8. Na3 b5 9. Nd5 Be7 10. Bxf6 Bxf6 11. c3 Bg5 12. Nc2 0-0 13. h4 Bh6 14. g4 Bf4 15. Qf3 Be6 16. Nxf4 exf4 17. Qxf4 Qe7 18. Be2 d5 19. Kf1 dxe4 20. Qxe4 Qc5 21. Ne3 Rfe8 22. Qf4 Rad8 23. Ke1 b4 24. c4 Nd4 25. b3 Bc8 26. Rd1 a5 27. h5 Bb7 28. Rg1 Re4 29. Qf5 Qe7 30. Rxd4 Rexd4 31. Qxa5 Qe4 32. Qf5 Qxf5 33. gxf5 Kf8 34. Rg4 Rxg4 35. Bxg4 Ra8 36. Nc2 Rxa2 37. Nxb4 Rb2 38. Bd1 Ke7 39. Bc2 Kf6 40. Kd2 Bf3 41. Kc3 Rxc2+ 42. Nxc2 Bxh5 43. Ne3 Bf3 44. b4 Ke5 45. b5 h5 1/2-1/2

[Event "Rybinsk Yaroslavia op"]
[Site "Rybinsk"]
[Date "2008.06.16"]
[Round "2.9"]
[White "Kostryukov, Oleg"]
[Black "Kolmakov, Pavel"]
[Result "0-1"]
[WhiteElo "1761"]
[BlackElo "2267"]
[PlyCount "72"]
[EventDate "2008.06.15"]
[EventType "swiss"]
[EventRounds "9"]
[EventCountry "RUS"]
[SourceTitle "EXT 2022"]
[Source "ChessBase"]
[SourceDate "2021.10.06"]
[SourceVersion "1"]
[SourceVersionDate "2021.10.06"]
[SourceQuality "1"]

1. d4 Nf6 2. c4 g6 3. Nc3 d5 4. cxd5 Nxd5 5. e4 Nxc3 6. bxc3 Bg7 7. Bc4 c5 8. Ne2 Nc6 9. Be3 0-0 10. 0-0 Bg4 11. f3 Na5 12. Bxf7+ Rxf7 13. fxg4 Rxf1+ 14. Kxf1 Qd6 15. Kg1 cxd4 16. cxd4 Qe6 17. Qd3 Qxg4 18. Rc1 Rc8 19. Rc3 Rxc3 20. Nxc3 Qc8 21. Nd5 Qd7 22. Qc3 Nc6 23. Qc4 e6 24. Nf4 Bxd4 25. Kf2 Kf7 26. Nd3 Bxe3+ 27. Kxe3 Qc7 28. Nc5 Qe7 29. Qb5 Qg5+ 30. Kd3 Ne5+ 31. Kc3 Qe3+ 32. Kc2 b6 33. Nb3 Qxe4+ 34. Kc3 Qc6+ 35. Kb4 a5+ 36. Ka4 Qe4+ 0-1